All Czech Slovak players in NHL history - Statistics

General Stats
  • This quiz has been taken 105 times
    76 since last reset
  • The average score is 103 of 350
Answer Stats
Years in NHL Nationality Position Answer GP Most famously played in... % Correct
1990 - 2018 Czech RW Jaromír Jágr 1733 Pittsburgh Penguins
100%
2014 - present Czech RW David Pastrňák 679 Boston Bruins
94%
1980 - 1989 Slovak LW Anton Šťastný 650 Quebec Nordiques
86%
2022 - present Slovak LW Juraj Slafkovský 121 Montreal Canadiens
86%
2001 - 2008 Slovak LW Marcel Hossa 237 New York Rangers
86%
1997 - 2017 Slovak RW Marián Hossa 1309 Chicago Blackhawks
86%
1981 - 1986 Slovak RW Marián Šťastný 322 Quebec Nordiques
86%
1980 - 1995 Slovak C Peter Šťastný 977 Quebec Nordiques
86%
1997 - 2022 Slovak D Zdeno Chára 1680 Boston Bruins
86%
2021 - present Czech G Karel Vejmelka 141 Arizona Coyotes
83%
2017 - present Czech RW Martin Nečas 362 Carolina Hurricanes
80%
1995 - 2016 Czech LW Patrik Eliáš 1240 New Jersey Devils
80%
2010 - present Slovak LW Tomáš Tatar 853 Detroit Red Wings
80%
2006 - present Slovak G Jaroslav Halák 572 Montreal Canadiens
77%
1993 - 2010 Slovak C Pavol Demitra 847 St. Louis Blues
77%
1990 - 2008 Czech G Dominik Hašek 735 Buffalo Sabres
74%
2017 - present Czech C Filip Chytil 340 New York Rangers
74%
2021 - present Czech G Lukáš Dostál 67 Anaheim Ducks
74%
1993 - 2001 Czech D Michal Sýkora 267 San Jose Sharks
74%
2012 - present Czech LW Ondřej Palát 753 Tampa Bay Lightning
74%
1995 - 2012 Czech RW Petr Sýkora 1017 New Jersey Devils
74%
1998 - 2006 Czech RW Petr Sýkora 12 Washington Capitals
74%
2023 - present Slovak D Šimon Nemec 60 New Jersey Devils
74%
1958 - 1980 Slovak / Canadian C Stan Mikita 1394 Chicago Blackhawks
74%
2000 - 2016 Slovak LW Marián Gáborík 933 Minnesota Wild
71%
1990 - 2007 Slovak / Ukrainian RW Peter Bondra 1081 Washington Capitals
71%
2012 - present Czech G Petr Mrázek 390 Detroit Red Wings
71%
2013 - present Czech C Tomáš Hertl 722 San Jose Sharks
71%
2006 - present Czech C David Krejčí 1013 Boston Bruins
66%
2018 - present Czech D Filip Hronek 393 Detroit Red Wings
66%
2008 - present Czech C Jakub Voráček 1058 Philadelphia Flyers
66%
1995 - 2014 Slovak RW Miroslav Šatan 1050 Buffalo Sabres
66%
2012 - present Czech D Radko Gudas 751 Philadelphia Flyers
66%
2012 - 2013 Czech LW Roman Červenka 39 Calgary Flames
66%
1993 - 2006 Slovak LW Žigmund Pálffy 684 New York Islanders
66%
2016 - present Czech LW Jakub Vrána 368 Washington Capitals
63%
2000 - 2015 Slovak D Ľubomír Višňovský 883 Los Angeles Kings
63%
2015 - present Czech LW Pavel Zácha 551 New Jersey Devils
63%
2008 - 2009 Czech C Petr Vrána 16 New Jersey Devils
63%
2018 - present Czech LW Filip Zadina 262 Detroit Red Wings
60%
2018 - present Czech G Pavel Francouz 72 Colorado Avalanche
60%
2003 - 2019 Czech C Tomáš Plekanec 1001 Montreal Canadiens
60%
1996 - 2004 Czech G Tomáš Vokoun 700 Nashville Predators
60%
1990 - 2009 Czech C Bobby Holík 1314 New Jersey Devils
57%
2018 - present Slovak D Erik Černák 365 Tampa Bay Lightning
57%
1999 - 2009 Czech D František Kaberle 523 Carolina Hurricanes
57%
2023 - present Slovak LW Martin Pospíšil 63 Calgary Flames
57%
1998 - 2013 Czech / American RW Milan Hejduk 1020 Colorado Avalanche
57%
1998 - 2013 Czech D Tomáš Kaberle 984 Toronto Maple Leafs
57%
2007 - 2022 Slovak D Andrej Sekera 842 Buffalo Sabres
54%
2020 - present Czech G Dan Vladař 77 Calgary Flames
54%
2022 - present Czech D David Jiříček 47 Columbus Blue Jackets
54%
1998 - 2013 Czech D Filip Kuba 836 Minnesota Wild
54%
2023 - present Czech LW Jiří Kulich 1 Buffalo Sabres
54%
1992 - 2008 Czech C Martin Straka 954 Pittsburgh Penguins
54%
2023 - present Czech LW Ondřej Pavel 2 Colorado Avalanche
54%
2014 - 2015 Czech LW Petr Straka 3 Philadelphia Flyers
54%
2001 - 2018 Czech RW Radim Vrbata 1057 Phoenix Coyotes
54%
2000 - 2004 Czech G Roman Čechmánek 212 Philadelphia Flyers
54%
2019 - present Czech G Vítek Vaneček 164 New Jersey Devils
54%
2020 - present Slovak C Adam Ružička 117 Calgary Flames
51%
2002 - 2018 Czech RW Aleš Hemský 845 Edmonton Oilers
51%
2019 - present Czech LW Dominik Kubalík 357 Chicago Blackhawks
51%
2007 - 2018 Czech G Ondřej Pavelec 398 Winnipeg Jets
51%
1992 - 1994 Czech D Radek Hamr 11 Ottawa Senators
51%
1992 - 2010 Czech C Robert Lang 989 Pittsburgh Penguins
51%
1992 - 2013 Czech D Roman Hamrlík 1395 Tampa Bay Lightning
51%
2005 - 2007 Slovak RW Štefan Ružička 55 Philadelphia Flyers
51%
2010 - 2012 Czech RW Tomáš Kubalík 12 Columbus Blue Jackets
51%
1989 - 1994 Czech C Vladimír Růžička 233 Boston Bruins
51%
2005 - 2007 Czech D Filip Novák 17 Ottawa Senators
49%
1999 - 2008 Slovak LW Ladislav Nagy 435 Phoenix Coyotes
49%
2003 - 2016 Czech D Marek Židlický 836 Minnesota Wild
49%
2019 - present Slovak D Martin Féherváry 218 Washington Capitals
49%
1995 - 2009 Slovak LW Richard Zedník 745 Montreal Canadiens
49%
2016 -.present Czech G David Rittich 197 Calgary Flames
46%
2022 - present Czech LW Jakub Lauko 87 Boston Bruins
46%
2001 - 2006 Czech RW Jaroslav Svoboda 134 Carolina Hurricanes
46%
2018 - present Czech D Libor Hájek 110 New York Rangers
46%
2022 - present Slovak LW Pavol Regenda 19 Anaheim Ducks
46%
1984 - 2001 Czech D Petr Svoboda 1028 Montréal Canadiens
46%
2000 - 2001 Czech D Petr Svoboda 18 Toronto Maple Leafs
46%
2015 - present Czech LW Tomáš Nosek 434 Vegas Golden Knights
46%
2001 - 2003 Slovak G Ján Lašák 6 Nashville Predators
43%
1998 - 2012 Czech D Jaroslav Špaček 880 Buffalo Sabres
43%
2000 - 2016 Czech LW Martin Havlát 790 Ottawa Senators
43%
1991 - 2008 Czech LW Martin Ručinský 961 Montreal Canadiens
43%
1998 - 2014 Slovak C Michal Handzuš 1009 Los Angeles Kings
43%
2016 - 2022 Czech D Michal Kempný 247 Washington Capitals
43%
1982 - 1985 Czech D Miroslav Dvorák 193 Philadelphia Flyers
43%
1995 - 2014 Czech RW Radek Dvořák 1260 Florida Panthers
43%
2005 - 2015 Slovak LW Tomáš Kopecký 578 Chicago Blackhawks
43%
2019 - 2021 Czech LW David Kaše 7 Philadelphia Flyers
40%
2003 - 2011 Slovak RW Marek Svatoš 344 Colorado Avalacnhe
40%
2001 - 2015 Czech LW Martin Erat 881 Nashville Predators
40%
2008 - 2021 Czech LW Michael Frolík 858 Calgary Flames
40%
1999 - 2018 Czech D Michal Rozsíval 963 New York Rangers
40%
2003 - 2017 Czech LW Milan Michálek 747 Ottawa Senators
40%
2016 - present Czech RW Ondřej Kaše 258 Anaheim Ducks
40%
2005 - 2016 Slovak G Peter Budaj 368 Colorado Avalanche
40%
1990 - 2007 Czech C Petr Nedvěd 982 New York Rangers
40%
2015 - present Czech C Radek Faksa 642 Dallas Stars
40%
2013 - 2021 Slovak LW Tomáš Jurčo 221 Detroit Red Wings
40%
2003 - 2017 Czech D Zbyněk Michálek 784 Phoenix Coyotes
40%
1994 - 1996 Czech RW Zdeněk Nedvěd 31 Toronto Maple Leafs
40%
2017 - present Czech LW David Kämpf 481 Chicago Blackhawks
37%
2000 - 2008 Czech C David Výborný 543 Columbus Blue Jackets
37%
2017 - present Czech D Jan Rutta 363 Tampa Bay Lightning
37%
2003 - 2017 Czech LW Jiří Hudler 708 Detroit Red Wings
37%
2023 - present Czech G Jiří Patera 8 Vegas Golden Knigts
37%
1991 - 2008 Slovak C Jozef Stumpel 957 Los Angeles Kings
37%
2007 - 2020 Czech C Martin Hanzal 673 Arizona Coyotes
37%
2012 - 2022 Slovak RW Richard Pánik 521 Chicago Blackhawks
37%
2005 - 2016 Czech LW Tomáš Fleischmann 657 Washington Capitals
37%
1996 - 2013 Czech LW Václav Prospal 1108 Tampa Bay Lightning
37%
1996 - 2013 Czech LW Václav Prospal 1108 Tampa Bay Lightning
37%
2007 - 2020 Czech LW Vladimír Sobotka 548 St. Louis Blues
37%
2023 - present Czech RW Adam Klapka 6 Calgary Flames
34%
1981 - 1983 Czech C Ivan Hlinka 137 Vancouver Canucks
34%
2024 - present Czech LW Ivan Ivan 4 Colorado Avalanche
34%
2007 - 2008 Czech LW Jaroslav Hlinka 63 Colorado Avalanche
34%
1992 - 2006 Czech D Jiří Šlégr 622 Pittsburgh Penguins
34%
1999 - 2008 Czech D Karel Rachůnek 371 Ottawa Senators
34%
2000 - 2003 Slovak D Ľubomír Sekeráš 213 Minnesota Wild
34%
1997 - 2012 Czech D Pavel Kubina 970 Tampa Bay Lightning
34%
2016 - 2020 Slovak LW Peter Cehlárik 40 Boston Bruins
34%
2018 - present Czech D Radim Šimek 198 San Jose Sharks
34%
2020 - present Czech LW Radim Zohorna 68 Pittsburgh Penguins
34%
1990 - 2002 Slovak RW Zdeno Cíger 352 Edmonton Oilers
34%
2012 - 2022 Czech D Andrej Šustr 362 Tampa Bay Lightning
31%
2000 - 2004 Slovak LW Jiří Bicek 62 New Jersey Devils
31%
2001 - 2003 Czech C Jiří Dopita 73 Philadelphia Flyers
31%
2016 - 2023 Czech LW Lukáš Sedlák 192 Columbus Blue Jackets
31%
2014 - 2020 Slovak LW Marko Daňo 141 Winnipeg Jets
31%
2013 - 2020 Slovak D Martin Marinčin 227 Toronto Maple Leafs
31%
2008 - 2019 Czech G Michal Neuvirth 257 Washington Capitals
31%
1999 - 2007 Czech C Patrik Štefan 455 Atlanta Thrashers
31%
1992 - 2001 Slovak C Róbert Petrovický 208 Hartford Whalers
31%
2006 - 2020 Czech D Roman Polák 806 St. Louis Blues
31%
1996 - 2004 Czech G Roman Turek 328 St. Louis Blues
31%
2000 - 2007 Slovak RW Ronald Petrovický 342 Calgary Flames
31%
1977 - 1983 Czech C Václav Nedomanský 421 Detroit Red Wings
31%
2005 - 2007 Czech LW Vojtěch Polák 5 Dallas Stars
31%
2007 - 2010 Slovak D Boris Valábik 80 Atlanta Thrashers
29%
2001 - 2008 Slovak RW Branko Radivojevič 399 Minnesota Wild
29%
2017 - 2021 Czech LW Filip Chlapík 57 Ottawa Senators
29%
2018 - present Czech D Jakub Zboril 68 Boston Bruins
29%
2006 - 2015 Czech D Jan Hejda 627 Columbus Blue Jackets
29%
2005 - 2009 Czech C Jiří Novotný 189 Columbus Blue Jackets
29%
2006 - 2016 Czech LW Jiří Tlustý 446 Carolina Hurricanes
29%
2000 - 2008 Czech C Josef Vašíček 460 Carolina Hurricanes
29%
2021 - present Czech C Kristian Reichel 15 Winnipeg Jets
29%
2006 - 2017 Czech D Ladislav Šmíd 583 Edmonton Oilers
29%
1994 - 2009 Czech D Marek Malík 691 Carolina Hurricanes
29%
1999 - 2010 Czech D Martin Škoula 776 Colorado Avalanche
29%
2022 - present Czech LW Matěj Blümel 6 Dallas Stars
29%
2005 - 2012 Slovak D Milan Jurčina 430 Washington Capitals
29%
2022 - present Slovak LW Miloš Kelemen 24 Arizona Coyotes
29%
2005 - 2011 Czech RW Petr Průcha 346 New York Rangers
29%
1999 - 2003 Slovak D Richard Lintner 112 Nashville Predators
29%
1990 - 2004 Czech C Robert Reichel 830 Calgary Flames
29%
2005 - 2014 Czech LW Rostislav Olesz 365 Florida Panthers
29%
2009 - 2010 Czech G Alexander Salák 2 Florida Panthers
26%
2022 - present Czech D Filip Král 2 Tornto Maple Leafs
26%
2017 - 2019 Czech D Jakub Jeřábek 26 Montreal Canadiens
26%
1998 - 2006 Czech C Jan Hrdina 513 Pittsburgh Penguins
26%
1987 - 1992 Czech C Jiří Hrdina 250 Calgary Flames
26%
2013 - 2017 Czech G Marek Mazanec 31 Nashville Predators
26%
2012 - 2016 Czech D Michal Jordán 79 Carolina Hurricanes
26%
1999 - 2004 Czech G Milan Hnilička 121 Atlanta Thrashers
26%
2002 - 2007 Czech C Petr Čajánek 269 St. Louis Blues
26%
1999 - 2006 Slovak D Radoslav Suchý 451 Phoenix Coyotes
26%
2003 - 2004 Slovak G Rastislav Staňa 6 Washington Capitals
26%
2011 - 2014 Czech C Roman Horák 84 Calgary Flames
26%
2005 - 2015 Slovak D Andrej Meszároš 645 Ottawa Senators
23%
2014 - 2017 Czech C Andrej Nestrašil 128 Carolina Hurricanes
23%
2009 - 2017 Czech D Jakub Kindl 331 Detroit Red Wings
23%
2020 - present Czech C Jan Jeník 22 Arizona Coyotes
23%
1993 - 2008 Czech D Jaroslav Modrý 725 Los Angeles Kings
23%
1991 - 2001 Czech C Josef Beránek 531 Edmonton Oilers
23%
2023 - present Czech LW Lukáš Rousek 17 Buffalo Sabres
23%
2001 - 2006 Slovak C Martin Cibák 154 Tampa Bay Lightning
23%
2000 - 2001 Slovak LW Peter Bartoš 13 Minnesota Wild
23%
2000 - 2001 Czech RW Petr Hubáček 6 Philadelphia Flyers
23%
1995 - 2003 Slovak D Róbert Švehla 655 Florida Panthers
23%
1995 - 2006 Czech RW Václav Varaďa 493 Buffalo Sabres
23%
2000 - 2008 Slovak D Branislav Mezei 240 Florida Panthers
20%
1990 - 2002 Czech D František Kučera 465 hicago Blackhawks
20%
1988 - 1989 Slovak LW Igor Liba 37 Los Angeles Kings
20%
2015 - 2017 Czech D Jakub Nakládal 30 Calgary Flames
20%
1999 - 2008 Czech LW Jan Hlaváč 436 New York Rangers
20%
2020 - 2022 Czech G Josef Kořenář 12 San Jose Sharks
20%
1998 - 2003 Slovak LW Ľuboš Bartečko 257 St. Louis Blues
20%
2016 - 2018 Czech G Marek Langhamer 2 Arizona Coyotes
20%
2019 - present Czech RW Martin Kaut 48 Colorado Avalanche
20%
1997 - 2000 Czech RW Martin Procházka 32 Toronto Maple Leafs
20%
1986 - 1999 Czech C Michal Pivoňka 825 Washington Capitals
20%
2008 - 2012 Czech RW Michal Řepík 72 Florida Panthers
20%
1982 - 1983 Czech C Milan Nový 73 Washington Capitals
20%
1985 - 1999 Czech RW Petr Klíma 786 Detroit Red Wings
20%
2001 - 2014 Czech D Radek Martínek 486 New York Islanders
20%
2008 - 2010 Czech LW Radek Smoleňák 7 Tampa Bay Lightning
20%
1994 - 2004 Czech D Stanislav Neckář 510 Ottawa Senators
20%
2011 - 2013 Czech D Tomáš Kundrátek 30 Washington Capitals
20%
1997 - 2006 Slovak RW Vladimír Országh 289 Nashville Predators
20%
2001 - 2011 Czech RW Aleš Kotalík 542 Buffalo Sabres
17%
2001 - 2004 Slovak C Andrej Nedorost 28 Columbus Blue Jackets
17%
2017 - 2022 Slovak D Christián Jároš 94 Ottawa Senators
17%
2006 - 2011 Czech D David Kočí 142 Colorado Avalanche
17%
1999 - 2000 Czech LW David Moravec 1 Buffalo Sabres
17%
2005 - 2007 Czech RW Jakub Klepiš 66 Washington Capitals
17%
2005 - 2007 Czech LW Jaroslav Balaštík 74 Columbus Blue Jackets
17%
1999 - 2006 Czech D Jiří Fischer 305 Detroit Red Wings
17%
2015 - 2018 Slovak C Marek Hrivík 24 New York Rangers
17%
2000 - 2007 Czech RW Petr Tenkrát 177 Boston Bruins
17%
2015 - 2016 Czech G Roman Will 1 Colorado Avalanche
17%
2000 - 2015 Czech D Rostislav Klesla 654 Columbus Blue Jackets
17%
2024 - present Slovak LW Samuel Honzek 3 Calgary Flames
17%
2000 - 2001 Slovak LW Stanislav Gron 1 New Jersey Devils
17%
2002 - 2006 Slovak LW Tomáš Surový 126 Pittsburgh Penguins
17%
2000 - 2001 Czech RW Tomáš Vlasák 10 Los Angeles Kings
17%
2001 - 2004 Czech LW Václav Nedorost 99 Colorado Avalanche
17%
2021 - 2022 Slovak G Adam Húska 1 New York Rangers
14%
2014 - 2015 Czech / Canadian D David Musil 4 Edmonton Oilers
14%
1986 - 2001 Czech D František Musil 797 Minnesota North Stars
14%
2000 - 2002 Slovak D Jaroslav Obšut 7 St. Louis Blues
14%
1990 - 1992 Slovak D Jerguš Bača 10 Hartford Whalers
14%
2014 - 2016 Czech LW Jiří Sekáč 108 Anaheim Ducks
14%
2007 - 2009 Czech LW Lukáš Kašpar 16 San Jose Sharks
14%
2018 - 2020 Czech LW Lukáš Radil 50 San Jose Sharks
14%
2009 - 2011 Slovak C Mário Bližňák 6 Vancouver Canucks
14%
2016 - present Czech RW Martin Frk 124 Detroit Red Wings
14%
1990 - 1992 Czech RW Martin Hosták 55 Philadelphia Flyers
14%
2001 - 2006 Czech G Martin Prusek 57 Ottawa Senators
14%
1988 - 1991 Czech D Miloslav Hořava 80 New York Rangers
14%
1985 - 1989 Slovak RW Miroslav Ihnačák 56 Toronto Maple Leafs
14%
2023 - present Slovak D Patrik Koch 1 Arizona Coyotes
14%
2001 - 2006 Czech RW Pavel Brendl 78 Philadelphia Flyers
14%
1982 - 1990 Slovak C Peter Ihnačák 417 Toronto Maple Leafs
14%
1994 -2009 Czech C Radek Bonk 969 Ottawa Senators
14%
1994 - 2002 Czech D Radim Bičánek 122 Columbus Blue Jackets
14%
1992 - 2003 Czech D Richard Šmehlík 644 Buffalo Sabres
14%
2008 - 2009 Czech D Tomáš Mojžíš 17 Vancouver Canucks
14%
1991 - 2003 Czech RW Vladimír Vůjtek 110 Edmonton Oilers
14%
2000 - 2004 Slovak LW Andrej Podkonický 8 Florida Panthers
11%
2007 - 2008 Slovak D Ivan Baranka 1 New York Rangers
11%
1997 - 2007 Czech C Jan Bulis 552 Montreal Canadiens
11%
1995 - 2001 Czech RW Jan Čaloun 24 San Jose Sharks
11%
1998 - 2000 Czech D Jan Němeček 7 Los Angeles Kings
11%
2001 - 2004 Czech RW Jaroslav Bednář 117 Los Angeles Kings
11%
1982 - 1987 Czech LW Jaroslav Pouzar 186 Edmonton Oilers
11%
1996 - 2000 Czech RW Jaroslav Švejkovský 113 Washington Capitals
11%
1979 - 1981 Czech G Jirí Crha 69 Toronto Maple Leafs
11%
1990 - 1991 Czech LW Jiří Šejba 11 Buffalo Sabres
11%
2000 - 2009 Czech D Josef Melichar 349 Pittsburgh Penguins
11%
2000 - 2007 Slovak RW Juraj Kolník 250 Florida Panthers
11%
1997 - 2003 Czech D Ladislav Benýšek 161 Minnesota Wild
11%
2001 - 2010 Czech D Lukáš Krajíček 328 Vancouver Canucks
11%
2020 - present Slovak LW Marián Studenič 46 New Jersey Devils
11%
2003 - 2004 Slovak D Martin Štrbák 49 Pittsburgh Penguins
11%
2002 - 2006 Slovak LW Milan Bartovič 50 Buffalo Sabres
11%
2000 - 2004 Czech C Milan Kraft 207 Pittsburgh Penguins
11%
1981 - 1989 Czech / Canadian RW Miroslav Fryčer 415 Toronto Maple Leafs
11%
2000 - 2002 Slovak D Peter Smrek 28 New York Rangers
11%
2005 - 2006 Czech C Petr Tatíček 3 Florida Panthers
11%
2002 - 2004 Slovak RW Radovan Somík 113 Philadelphia Flyers
11%
2000 - 2002 Czech C Tomáš Divíšek 5 Philadelphia Flyers
11%
2006 - 2007 Czech G Tomáš Pöpperle 2 Columbus Blue Jackets
11%
2002 - 2004 Czech D Tomáš Žižka 25 Los Angeles Kings
11%
2001 - 2002 Czech LW Václav Pletka 1 Philadelphia Flyers
11%
2000 - 2004 Czech D Zdeněk Kutlák 16 Boston Bruins
11%
1997 - 2004 Slovak RW Ivan Čiernik 89 Washington Capitals
9%
2002 - 2006 Slovak D Ivan Majeský 202 Florida Panthers
9%
1969 - 1970 Czech LW Jaroslav Jiřík 3 St. Louis Blues
9%
1989 - 1990 Czech RW Jaroslav Ševčík 13 Quebec Nordiques
9%
2023 - present Czech LW Jiří Smejkal 27 Ottawa Senators
9%
1995 - 2001 Czech C Josef Marha 159 Chicago Blackhawks
9%
2003 - 2006 Slovak RW Jozef Balej 18 New York Rangers
9%
1995 - 2003 Czech RW Ladislav Kohn 186 Anaheim Ducks
9%
1996 - 1998 Czech D Libor Zábranský 40 St. Louis Blues
9%
2006 - 2009 Czech G Marek Schwarz 6 St. Louis Blues
9%
1999 - 2002 Slovak RW Marián Cisár 73 Nashville Predators
9%
1993 - 2004 Czech LW Michal Grošek 526 Buffalo Sabres
9%
1993 - 1996 Czech D Miloš Holaň 49 Mighty Ducks of Anaheim
9%
2002 - 2004 Slovak LW Miroslav Zálešák 12 San Jose Sharks
9%
2000 - 2002 Czech D Pavel Kolařík 23 Boston Bruins
9%
1997 - 2004 Czech D Pavel Trnka 411 Mighty Ducks of Anaheim
9%
1996 - 2003 Czech D Petr Buzek 157 Atlanta Thrashers
9%
2002 - 2003 Slovak D Radoslav Hecl 14 Buffalo Sabres
9%
1997 - 2003 Slovak RW Róbert Döme 53 Pittsburgh Penguins
9%
1990 - 2002 Czech LW Robert Kron 771 Hartford Whalers
9%
2001 - 2002 Czech C Roman Šimíček 63 Minnesota Wild
9%
2003 - 2004 Slovak C Roman Tvrdoň 9 Washington Capitals
9%
1995 - 2000 Czech C Roman Vopát 133 Los Angeles Kings
9%
2017 - 2019 Czech RW Tomáš Hyka 27 Vegas Golden Knights
9%
2002 - 2007 Slovak D Tomáš Malec 46 Carolina Hurricanes
9%
2010 - 2015 Czech RW Tomáš Vincour 95 Dallas Stars
9%
2021 - predent Czech RW Adam Raška 22 Minnesota Wild
6%
2001 - 2003 Czech D Aleš Píša 53 Edmonton Oilers
6%
1988 - 1994 Czech LW David Volek 396 New York Islanders
6%
2014 - 2015 Czech / German C Dominik Uher 2 Pittsburgh Penguins
6%
1984 - 1985 Czech RW František Černík 49 Detroit Red Wings
6%
1993 - 1996 Slovak D Ivan Droppa 19 Chicago Blackhawks
6%
2000 - 2004 Czech D Jakub Čutta 8 Washington Capitals
6%
1992 - 1994 Czech LW Jaroslav Otevřel 16 San Jose Sharks
6%
1981 - 1986 Czech D Jiri Bubla 256 Vancouver Canucks
6%
1989 - 1992 Czech D Jiří Látal 92 Philadelphia Flyers
6%
1993 - 1994 Slovak LW Jozef Čierny 1 Edmonton Oilers
6%
2006 - 2010 Czech RW Kamil Kreps 232 Florida Panthers
6%
2000 - 2004 Slovak D Kristián Kudroč 26 Tampa Bay Lightning
6%
1993 - 1994 Slovak LW Ladislav Karabin 9 Pittsburgh Penguins
6%
2003 - 2004 Czech LW Libor Pivko 1 Nashville Predators
6%
1997 - 2000 Slovak LW Ľubomír Vaic 9 Vancouver Canucks
6%
1999 - 2001 Czech D Marek Posmyk 19 Tampa Bay Lightning
6%
2006 - 2008 Czech D Martin Lojek 5 Florida Panthers
6%
2000 - 2002 Czech LW Martin Špaňhel 10 Columbus Blue Jackets
6%
1984 - 1985 Czech D Milan Chalupa 14 Detroit Red Wings
6%
2011 - 2012 Slovak C Milan Kytnár 1 Edmonton Oilers
6%
1992 - 1996 Czech D Milan Tichý 23 Chicago Blackhawks
6%
1998 - 2004 Czech RW Pavel Rosa 36 Los Angeles Kings
6%
2008 - 2010 Slovak C Peter Ölvecký 32 Minnesota Wild
6%
2002 - 2007 Slovak LW Peter Sejna 49 St. Louis Blues
6%
2006 - 2010 Czech LW Petr Kalus 11 Bostoin Bruins
6%
1987 - 1992 Czech D Petr Prajsler 46 Los Angeles Kings
6%
2022 - present Slovak D Samuel Kňažko 2 Columbus Blue Jackets
6%
2000 - 2006 Czech D Tomáš Klouček 141 New York Rangers
6%
2006 - 2009 Czech LW Tomáš Plíhal 89 San Jose Sharks
6%
1990 - 1991 Czech RW Tomáš Sršeň 2 Edmonton Oilers
6%
2008 - 2010 Slovak D Vladimír Mihálik 15 Tampa Bay Lightning
6%
1993 - 1998 Czech D Vlastimil Kroupa 105 San Jose Sharks
6%
2015 - 2016 Czech D Vojtěch Mozík 7 New Jersey Devils
6%
1988 - 1989 Slovak C Dušan Pašek 48 Minnesota North Stars
3%
2001 - 2004 Czech LW Ivan Huml 49 Boston Bruins
3%
2021 - present Czrch D Jakub Galvas 6 Chicago Blackhawks
3%
2008 - 2009 Czech RW Jakub Petružálek 2 Carolina Hurricanes
3%
1982 - 1989 Czech RW Jan Ludvig 314 New Jersey Devils
3%
2002 - 2003 Czech C Jaroslav Krištek 6 Buffalo Sabres
3%
2001 - 2004 Czech LW Kamil Piroš 28 Atlanta Thrashers
3%
1998 - 1999 Czech D Karel Bětík 3 Tampa Bay Lightning
3%
2002 - 2003 Czech C Michal Sivek 38 Pittsburgh Penguins
3%
1998 - 2000 Czech D Miloslav Gureň 36 Montreal Canadiens
3%
1993 - 1994 Czech LW Patrik Augusta 4 Toronto Maple Leafs
3%
1998 - 2002 Czech D Pavel Škrbek 12 Nashville Predators
3%
2005 - 2006 Czech RW Petr Kanko 10 Los Angeles Kings
3%
1999 - 2000 Czech RW Petr Míka 3 New York Islanders
3%
2001 - 2004 Czech D Robert Schnabel 22 Nashville Predators
3%
1992 - 1993 Czech RW Tomáš Jelínek 49 Ottawa Senators
3%
2002 - 2004 Czech LW Tomáš Kůrka 17 Carolina Hurricanes
3%
1980 - 1983 Czech D Vítězslav Ďuriš 89 Toronto Maple Leafs
3%
2002 - 2006 Czech LW Zdeněk Blatný 25 Atlanta Thrashers
3%
No matching quizzes found
Score Distribution
Percent of People with Each Score
Percentile by Number Answered
Your Score History
You have not taken this quiz since the last reset